[Event "CHN League Men 2019"]
[Site "Daqing CHN"]
[Date "2019.06.25"]
[Round "7.2"]
[Board "3"]
[White "Zou, Chen"]
[Black "Xiu, Deshun"]
[Result "1/2-1/2"]
[WhiteTitle "FM"]
[BlackTitle "GM"]
[WhiteElo "2415"]
[BlackElo "2538"]
[WhiteTeam "Hangzhou"]
[BlackTeam "Beijing"]
[WhiteFideId "8610959"]
[BlackFideId "8603693"]
[EventDate "2019.06.19"]
[EventType "team"]

1. d4 Nf6 2. c4 e6 3. Nf3 d5 4. Nc3 Bb4 5. cxd5 exd5 6. Bg5 h6 7. Bh4 g5 8. Bg3
Ne4 9. Nd2 Nxg3 10. hxg3 c6 11. e3 Be6 12. Bd3 Nd7 13. a3 Bf8 14. Qc2 Nb6 15.
Nb3 Nc4 16. O-O-O b5 17. e4 Qb6 18. Rde1 O-O-O 19. f4 gxf4 20. gxf4 Kb8 21. f5
Bc8 22. g4 Rg8 23. Qh2+ Qc7 24. Qxc7+ Kxc7 25. exd5 cxd5 26. Nxb5+ Kb6 27. Nc3
Rxg4 28. Nxd5+ Rxd5 29. Re8 Nd6 30. Rxf8 Bxf5 31. Bxf5 Rxf5 32. Rh8 h5 33. R8xh5
Rxh5 34. Rxh5 Rg1+ 35. Kc2 Rg2+ 36. Kc3 Ne4+ 37. Kd3 Rxb2 38. Rh6+ Kb5 39. a4+
Kxa4 40. Kxe4 Kxb3 41. Ra6 Re2+ 42. Kd5 Re7 43. Kc5 f5 44. d5 Rf7 45. d6 f4 46.
Kc6 Kc3 47. d7 Rxd7 48. Kxd7 Kd3 49. Ke6 f3 50. Rxa7 f2 51. Ra1 Ke2 52. Ke5 f1=Q
53. Rxf1 Kxf1 54. Kd4 1/2-1/2

[Event "CHN League Men 2019"]
[Site "Daqing CHN"]
[Date "2019.06.25"]
[Round "7.3"]
[Board "2"]
[White "Lin, Chen"]
[Black "Zhao, Jun"]
[Result "1/2-1/2"]
[WhiteTitle "GM"]
[BlackTitle "GM"]
[WhiteElo "2497"]
[BlackElo "2625"]
[WhiteTeam "Jiangsu"]
[BlackTeam "Shandong"]
[WhiteFideId "8602298"]
[BlackFideId "8602522"]
[EventDate "2019.06.19"]
[EventType "team"]

1. e4 c6 2. d4 d5 3. exd5 cxd5 4. Bd3 Nc6 5. c3 Nf6 6. Bf4 Bg4 7. Qb3 Qd7 8. Nd2
e6 9. Ngf3 Bd6 10. Bxd6 Qxd6 11. O-O O-O 12. Rfe1 Rab8 13. Ne5 Bh5 14. a4 Rfc8
15. Re3 a6 16. Qb6 Bg6 17. Bxg6 hxg6 18. a5 Qc7 19. Qxc7 Rxc7 20. Nxc6 Rxc6 21.
Nf3 Nd7 22. Ne5 Nxe5 23. Rxe5 f6 24. Re2 g5 25. Kf1 Kf7 26. h3 Rbc8 27. Ke1 R8c7
28. Kd2 Rc8 29. Kd3 R8c7 30. Kd2 Rc8 1/2-1/2

[Event "CHN League Men 2019"]
[Site "Daqing CHN"]
[Date "2019.06.25"]
[Round "7.3"]
[Board "3"]
[White "Wen, Yang"]
[Black "Yu, Ruiyuan"]
[Result "1-0"]
[WhiteTitle "GM"]
[BlackTitle "GM"]
[WhiteElo "2588"]
[BlackElo "2471"]
[WhiteTeam "Shandong"]
[BlackTeam "Jiangsu"]
[WhiteFideId "8602956"]
[BlackFideId "8603090"]
[EventDate "2019.06.19"]
[EventType "team"]

1. e4 c5 2. Nf3 e6 3. d4 cxd4 4. Nxd4 Nf6 5. Nc3 Nc6 6. g3 d5 7. Bg2 dxe4 8.
Nxc6 Qxd1+ 9. Kxd1 bxc6 10. Nxe4 Bb7 11. Nxf6+ gxf6 12. b3 O-O-O+ 13. Ke2 Bb4
14. c4 Bc3 15. Rb1 c5 16. Bxb7+ Kxb7 17. Be3 Kc6 18. Rhd1 f5 19. Rd3 Rxd3 20.
Kxd3 Bf6 21. b4 Rd8+ 22. Ke2 cxb4 23. Rxb4 Bd4 24. Ra4 Kb7 25. Rb4+ Kc6 26. Ra4
Kb7 27. c5 Bxe3 28. Kxe3 Rd7 29. Rh4 Kc6 30. Rxh7 Kxc5 31. Rh4 f6 32. Ra4 Rh7
33. h4 Kd5 34. Ra6 Rc7 35. Kd3 Rh7 36. Ke3 Rc7 37. Kf3 Ke5 38. Kg2 Re7 39. f3
Kd4 40. g4 Ke3 41. Ra3+ Ke2 42. gxf5 e5 43. Ra4 Ke3 44. Re4+ Kd3 45. Kg3 Rb7 46.
Ra4 Ke3 47. h5 Rb1 48. Re4+ Kd3 49. h6 Rg1+ 50. Kh2 Rg8 51. h7 Rh8 1-0

[Event "CHN League Men 2019"]
[Site "Daqing CHN"]
[Date "2019.06.25"]
[Round "7.3"]
[Board "4"]
[White "Chen, Qi b"]
[Black "Huang, Renjie"]
[Result "1/2-1/2"]
[WhiteTitle "IM"]
[WhiteElo "2453"]
[BlackElo "2327"]
[WhiteTeam "Jiangsu"]
[BlackTeam "Shandong"]
[WhiteFideId "8614733"]
[BlackFideId "8610134"]
[EventDate "2019.06.19"]
[EventType "team"]

1. e4 c5 2. Nf3 Nc6 3. Bb5 g6 4. Bxc6 dxc6 5. d3 Bg7 6. h3 Nf6 7. Nc3 O-O 8. Bf4
Nd7 9. e5 Nb6 10. Qd2 Nd5 11. Bh6 Nxc3 12. bxc3 Be6 13. Bxg7 Kxg7 14. O-O Bd5
15. Qe3 Qa5 16. c4 Bxf3 17. Qxf3 Qc3 18. Qe2 b5 19. Rab1 bxc4 20. dxc4 Rab8 21.
Rb3 Rxb3 22. axb3 Rd8 23. Qe4 e6 24. Qxc6 Qxe5 25. Qa4 Rd2 26. Qxa7 Rxc2 27. Qa1
Qxa1 28. Rxa1 Rb2 29. Ra5 Rxb3 30. Rxc5 Rc3 1/2-1/2

[Event "CHN League Men 2019"]
[Site "Daqing CHN"]
[Date "2019.06.25"]
[Round "7.4"]
[Board "1"]
[White "Lu, Shanglei"]
[Black "Xu, Xiangyu"]
[Result "1/2-1/2"]
[WhiteTitle "GM"]
[BlackTitle "GM"]
[WhiteElo "2624"]
[BlackElo "2583"]
[WhiteTeam "Zhejiang"]
[BlackTeam "Chengdu"]
[WhiteFideId "8603332"]
[BlackFideId "8608288"]
[EventDate "2019.06.19"]
[EventType "team"]

1. e4 e5 2. Nf3 Nf6 3. Nc3 Nc6 4. Bb5 Nd4 5. Bc4 Bc5 6. d3 d6 7. h3 c6 8. Nxd4
Bxd4 9. Qf3 Be6 10. Ne2 Bb6 11. g4 Nd7 12. a4 Nf8 13. Bd2 Ba5 14. b4 Bc7 15. a5
Ng6 16. Bxe6 fxe6 17. g5 d5 18. h4 Rf8 19. Qg4 Qd7 20. h5 Nf4 21. Nxf4 exf4 22.
f3 e5 23. Qxd7+ Kxd7 24. c4 d4 25. a6 b6 26. Ke2 Ke6 27. g6 h6 28. b5 c5 29.
Rag1 Bd6 30. Be1 Be7 1/2-1/2

[Event "CHN League Men 2019"]
[Site "Daqing CHN"]
[Date "2019.06.25"]
[Round "7.4"]
[Board "2"]
[White "Li, Di"]
[Black "Xu, Minghui"]
[Result "1-0"]
[WhiteTitle "IM"]
[WhiteElo "2535"]
[BlackElo "2368"]
[WhiteTeam "Chengdu"]
[BlackTeam "Zhejiang"]
[WhiteFideId "8607508"]
[BlackFideId "8606790"]
[EventDate "2019.06.19"]
[EventType "team"]

1. e4 c6 2. f4 d5 3. d3 dxe4 4. dxe4 Qxd1+ 5. Kxd1 e5 6. fxe5 Bg4+ 7. Be2 Bxe2+
8. Kxe2 Nd7 9. Nf3 O-O-O 10. Be3 Ne7 11. e6 fxe6 12. Ng5 Ne5 13. Nd2 N7g6 14.
Nxe6 Re8 15. Nxf8 Rhxf8 16. Raf1 Ng4 17. Rxf8 Rxf8 18. h3 Nxe3 19. Kxe3 Kd7 20.
Rf1 Rxf1 21. Nxf1 c5 22. Nd2 Ne5 23. Kf4 Ke6 24. Nf3 Ng6+ 25. Ke3 h6 26. h4 Ne7
27. Kf4 g6 28. Nh2 Nc6 29. Ng4 Nb4 30. Nxh6 Nxc2 31. Kg5 Ne3 32. g3 1-0

[Event "CHN League Men 2019"]
[Site "Daqing CHN"]
[Date "2019.06.25"]
[Round "7.4"]
[Board "3"]
[White "Lan, Zilun"]
[Black "Liu, Guanchu"]
[Result "1/2-1/2"]
[BlackTitle "IM"]
[WhiteElo "2352"]
[BlackElo "2462"]
[WhiteTeam "Zhejiang"]
[BlackTeam "Chengdu"]
[WhiteFideId "8604193"]
[BlackFideId "8603901"]
[EventDate "2019.06.19"]
[EventType "team"]

1. d4 Nf6 2. c4 e6 3. Nf3 b6 4. g3 Ba6 5. b3 Bb4+ 6. Bd2 Be7 7. Bg2 c6 8. O-O d5
9. Bc3 O-O 10. Ne5 Nfd7 11. Nxd7 Nxd7 12. Nd2 Rc8 13. e4 c5 14. exd5 exd5 15.
dxc5 dxc4 16. c6 cxb3 17. Re1 Bb5 18. Nxb3 Bxc6 19. Bxg7 Kxg7 20. Nd4 Bxg2 21.
Nf5+ Kh8 22. Rxe7 Bh3 23. Qd4+ Ne5 24. Qxe5+ f6 25. Qe2 Bxf5 26. Rd1 Bg4 27.
Rxh7+ Kxh7 28. Qxg4 Qe8 29. Rd7+ Rf7 30. Qh5+ Kg8 31. Qg6+ Kf8 32. Qh6+ Kg8 33.
Qg6+ Kf8 34. Qh6+ Kg8 35. Qg6+ 1/2-1/2

[Event "CHN League Men 2019"]
[Site "Daqing CHN"]
[Date "2019.06.25"]
[Round "7.4"]
[Board "4"]
[White "Zhao, Yuanhe"]
[Black "Liu, Yutong"]
[Result "1-0"]
[WhiteElo "2444"]
[BlackElo "1811"]
[WhiteTeam "Chengdu"]
[BlackTeam "Zhejiang"]
[WhiteFideId "8609497"]
[BlackFideId "8610487"]
[EventDate "2019.06.19"]
[EventType "team"]

1. Nf3 d5 2. g3 g6 3. Bg2 Bg7 4. O-O Nf6 5. d3 O-O 6. Nbd2 c5 7. e4 Nc6 8. exd5
Nxd5 9. Re1 b6 10. Nc4 Bb7 11. a4 Qc7 12. c3 e6 13. a5 Rab8 14. axb6 axb6 15.
Qb3 Ba8 16. Ne3 Nxe3 17. Bxe3 e5 18. Nd2 Na5 19. Qb5 Bxg2 20. Kxg2 Qd6 21. b4
cxb4 22. Ne4 Qd8 23. cxb4 Nb3 24. Ra7 Nd4 25. Bxd4 Qxd4 26. Rd7 Qb2 27. Re3 Rbd8
28. Rb7 Bh6 29. Rf3 Qd4 30. Nf6+ Kg7 31. Nd7 Rfe8 32. Nxb6 e4 33. Rfxf7+ Kg8 34.
Rfd7 Rxd7 35. Rxd7 Qf6 36. dxe4 Rf8 37. Qd5+ Kh8 38. Qd4 1-0

[Event "CHN League Men 2019"]
[Site "Daqing CHN"]
[Date "2019.06.25"]
[Round "7.5"]
[Board "1"]
[White "Xu, Yinglun"]
[Black "Liu, Yan"]
[Result "1/2-1/2"]
[WhiteTitle "GM"]
[BlackTitle "GM"]
[WhiteElo "2548"]
[BlackElo "2504"]
[WhiteTeam "Guangdong"]
[BlackTeam "Chongqing"]
[WhiteFideId "8604940"]
[BlackFideId "8608962"]
[EventDate "2019.06.19"]
[EventType "team"]

1. Nf3 Nf6 2. c4 b6 3. g3 Bb7 4. Bg2 g6 5. d4 Bg7 6. Qc2 Be4 7. Qb3 Nc6 8. O-O
Na5 9. Qa4 c5 10. d5 O-O 11. Nbd2 Bxf3 12. Nxf3 d6 13. Qc2 b5 14. cxb5 a6 15. e4
axb5 16. Rb1 Nc4 17. b4 Qc7 18. Rd1 Nd7 19. Bf1 Qa7 20. Bxc4 bxc4 21. Qxc4 Qxa2
22. Qxa2 Rxa2 23. Be3 cxb4 24. Rxb4 Ne5 25. Nxe5 Bxe5 26. Rc1 f5 27. Rc7 Bf6 28.
exf5 gxf5 29. Rf4 Bg5 30. Rf3 1/2-1/2

[Event "CHN League Men 2019"]
[Site "Daqing CHN"]
[Date "2019.06.25"]
[Round "7.5"]
[Board "2"]
[White "Wang, Chen"]
[Black "Li, Shilong"]
[Result "1-0"]
[WhiteTitle "IM"]
[BlackTitle "GM"]
[WhiteElo "2468"]
[BlackElo "2482"]
[WhiteTeam "Chongqing"]
[BlackTeam "Guangdong"]
[WhiteFideId "8601020"]
[BlackFideId "8600678"]
[EventDate "2019.06.19"]
[EventType "team"]

1. d4 Nf6 2. Bg5 e6 3. e4 h6 4. Bxf6 Qxf6 5. Nc3 Bb4 6. Qd2 c5 7. a3 Bxc3 8.
bxc3 O-O 9. f4 d6 10. Nf3 cxd4 11. cxd4 e5 12. fxe5 dxe5 13. Bc4 exd4 14. Qxd4
Qe7 15. Bd5 Nc6 16. Qc3 Be6 17. O-O Rac8 18. Kh1 Rc7 19. Rad1 Rfc8 20. Rd2 b6
21. Qe3 Na5 22. Qf4 Nc4 23. Rd3 Nxa3 24. Bxe6 fxe6 25. Ne5 Nxc2 26. Qg4 Nb4 27.
Ng6 Qg5 28. Qxg5 Nxd3 29. Qe3 Nc5 30. h4 1-0

[Event "CHN League Men 2019"]
[Site "Daqing CHN"]
[Date "2019.06.25"]
[Round "7.5"]
[Board "3"]
[White "Liang, Jinrong"]
[Black "Wang, Shixu B"]
[Result "1/2-1/2"]
[WhiteTitle "GM"]
[WhiteElo "2452"]
[BlackElo "2392"]
[WhiteTeam "Guangdong"]
[BlackTeam "Chongqing"]
[WhiteFideId "8600066"]
[BlackFideId "8610665"]
[EventDate "2019.06.19"]
[EventType "team"]

1. e4 c6 2. d4 d5 3. Nd2 dxe4 4. Nxe4 Nf6 5. Nxf6+ exf6 6. Bc4 Bd6 7. Qe2+ Be7
8. Be3 Nd7 9. Nf3 O-O 10. h3 Nb6 11. Bb3 Nd5 12. O-O Bd6 13. Bd2 Bf5 14. Rfe1
Qd7 15. Qf1 Rae8 16. Rxe8 Rxe8 17. Re1 Be4 18. Re2 Bxf3 19. Rxe8+ Qxe8 20. gxf3
Qd7 21. Qe2 Ne7 22. Kg2 Ng6 23. Qe4 f5 24. Qe2 Bf4 25. Kf1 Bxd2 26. Qxd2 f4 27.
Ke2 Qd6 28. d5 c5 29. Qd3 a6 30. Qf5 Ne7 31. Qe4 g6 32. a4 1/2-1/2

[Event "CHN League Men 2019"]
[Site "Daqing CHN"]
[Date "2019.06.25"]
[Round "7.6"]
[Board "2"]
[White "Bao, Qilin"]
[Black "Zhou, Yibo"]
[Result "1-0"]
[WhiteTitle "IM"]
[WhiteElo "2412"]
[BlackElo "1934"]
[WhiteTeam "Heilongjiang"]
[BlackTeam "Shanxi"]
[WhiteFideId "8605750"]
[BlackFideId "8610967"]
[EventDate "2019.06.19"]
[EventType "team"]

1. d4 Nf6 2. c4 e6 3. g3 Bb4+ 4. Nd2 O-O 5. Bg2 d5 6. Nf3 c5 7. O-O Nc6 8. dxc5
Bxc5 9. a3 a5 10. cxd5 exd5 11. Nb3 Be7 12. Be3 Bf5 13. Nfd4 Nxd4 14. Nxd4 Be4
15. f3 Bg6 16. Rc1 Re8 17. Qd2 Qd7 18. Rc3 Bd6 19. Rfc1 h6 20. Bf4 Bxf4 21. Qxf4
Rac8 22. Rc7 Rxc7 23. Qxc7 Qa4 24. Qc5 Nd7 25. Qxd5 Nb6 26. Qd6 Nc4 27. Qc5 Nxb2
28. Bf1 Rd8 29. Nb5 Qb3 30. Rc3 Qd1 31. Qe5 Qe1 32. Qc5 Nd1 33. Rc1 Rd5 34. Qb6
Rxb5 35. Qd8+ Kh7 36. Rxd1 Qc3 37. Kg2 Rb1 38. Rxb1 Bxb1 39. a4 Bc2 40. Qd7 Qc6
41. Qxf7 Qxa4 42. e4 1-0

[Event "CHN League Men 2019"]
[Site "Daqing CHN"]
[Date "2019.06.25"]
[Round "7.6"]
[Board "3"]
[White "Li, Deyang"]
[Black "Wu, Xibin"]
[Result "0-1"]
[BlackTitle "IM"]
[WhiteElo "1697"]
[BlackElo "2203"]
[WhiteTeam "Shanxi"]
[BlackTeam "Heilongjiang"]
[WhiteFideId "8622272"]
[BlackFideId "8600309"]
[EventDate "2019.06.19"]
[EventType "team"]

1. d4 Nf6 2. c4 e6 3. Nc3 Bb4 4. Nf3 O-O 5. e3 c5 6. Bd2 d5 7. a3 Bxc3 8. Bxc3
cxd4 9. Nxd4 Nc6 10. Be2 Ne4 11. Qc2 Nxc3 12. Qxc3 Nxd4 13. Qxd4 dxc4 14. Qxc4
Qb6 15. b4 Bd7 16. O-O Rac8 17. Qb3 Bc6 18. Rac1 Rfd8 19. Rfd1 h6 20. h3 a5 21.
Rxd8+ Rxd8 22. Qc3 axb4 23. axb4 Be4 24. Qc7 Qd6 25. b5 b6 26. f3 Qxc7 27. Rxc7
Bd3 28. Bxd3 Rxd3 29. Rc6 Rxe3 30. Rxb6 Rb3 31. Rb7 g5 32. Kf2 Rb2+ 33. Kg3 Kg7
34. Rb8 Kg6 35. b6 h5 36. b7 h4+ 37. Kh2 Kf5 38. Kg1 Kf4 39. Kf1 Ke3 40. Kg1
Rb1+ 41. Kh2 Kf4 42. Rc8 Rxb7 43. Rc4+ Kf5 44. Rc2 Rb3 45. Kg1 Rb4 46. Rc7 Kf4
47. Rxf7+ Kg3 48. Kf1 Rb1+ 49. Ke2 Rb2+ 50. Ke3 Rxg2 51. Rf6 Rf2 52. Ke4 Kxh3
53. Rg6 Re2+ 54. Kd3 Re5 55. Kd4 Rf5 56. Rxe6 Rxf3 0-1

[Event "CHN League Men 2019"]
[Site "Daqing CHN"]
[Date "2019.06.25"]
[Round "7.7"]
[Board "2"]
[White "Wan, Minghan"]
[Black "Chen, KaiLin"]
[Result "0-1"]
[WhiteElo "1592"]
[BlackElo "2073"]
[WhiteTeam "Ningbo"]
[BlackTeam "Wuxi"]
[WhiteFideId "8618577"]
[BlackFideId "8620954"]
[EventDate "2019.06.19"]
[EventType "team"]

1. d4 d5 2. Nf3 Nf6 3. g3 e6 4. Bg2 Be7 5. O-O O-O 6. Nbd2 b6 7. c4 Bb7 8. b3
Nbd7 9. Bb2 Rc8 10. Rc1 c5 11. e3 dxc4 12. bxc4 Qc7 13. Re1 Rfd8 14. Qe2 Qb8 15.
Ng5 h6 16. Nge4 Nxe4 17. Bxe4 Bxe4 18. Nxe4 Nf6 19. Nd2 Qb7 20. Nb3 a5 21. dxc5
a4 22. Nd4 Bxc5 23. f3 Nh7 24. Red1 Rd7 25. Nb5 Rcd8 26. Bd4 Ng5 27. Kf2 f6 28.
h4 Nf7 29. Bxc5 bxc5 30. Rxd7 Qxd7 31. f4 e5 32. Ke1 exf4 33. Rd1 Qxd1+ 34. Qxd1
Rxd1+ 35. Kxd1 fxg3 36. Ke2 Ne5 0-1

[Event "CHN League Men 2019"]
[Site "Daqing CHN"]
[Date "2019.06.25"]
[Round "7.8"]
[Board "1"]
[White "Zhang, Ziji"]
[Black "Song, Yuchen"]
[Result "1-0"]
[WhiteElo "2408"]
[BlackElo "1512"]
[WhiteTeam "Hebei"]
[BlackTeam "Harbin"]
[WhiteFideId "8609470"]
[BlackFideId "8630364"]
[EventDate "2019.06.19"]
[EventType "team"]

1. d4 Nf6 2. c4 g6 3. Nf3 Bg7 4. g3 O-O 5. Bg2 d6 6. O-O Nbd7 7. Nc3 c5 8. b3
Rb8 9. Bb2 a6 10. dxc5 Nxc5 11. Nd4 Ne6 12. Nc2 Bd7 13. Rc1 Bc6 14. Nd5 Bxd5 15.
cxd5 Nc5 16. Ne3 Rc8 17. b4 Ncd7 18. Qb3 b5 19. Rc6 Nb8 20. Rxc8 Qxc8 21. Rc1
Qb7 22. Qc2 Nbd7 23. Bd4 Rb8 24. Qb2 Rc8 25. Rc6 Nb8 26. Rc3 Rxc3 27. Qxc3 Ne8
28. Bxg7 Nxg7 29. Ng4 f6 30. h4 Nd7 31. Bh3 Ne5 32. Nxe5 fxe5 33. Qc8+ Qxc8 34.
Bxc8 Ne8 35. Bxa6 Nc7 36. Bb7 Kf7 37. e4 e6 38. dxe6+ Kxe6 39. Bc6 d5 40. exd5+
Nxd5 41. Bxb5 Nxb4 42. Bc4+ Kd6 43. Kg2 Kc5 44. Bg8 h6 45. Bf7 g5 46. hxg5 hxg5
47. Kf3 Nd3 48. Ke3 Ne1 49. Bb3 Kc6 50. Ke2 Ng2 51. Kf1 1-0

[Event "CHN League Men 2019"]
[Site "Daqing CHN"]
[Date "2019.06.25"]
[Round "7.8"]
[Board "2"]
[White "Chen, Junyu"]
[Black "Peng, Hongchi"]
[Result "0-1"]
[WhiteElo "1232"]
[BlackElo "2370"]
[WhiteTeam "Harbin"]
[BlackTeam "Hebei"]
[WhiteFideId "8631042"]
[BlackFideId "8609047"]
[EventDate "2019.06.19"]
[EventType "team"]

1. d4 d5 2. c4 e6 3. Nf3 c6 4. g3 f5 5. Bf4 Nf6 6. Bg2 Be7 7. O-O O-O 8. Nc3 Ne4
9. cxd5 exd5 10. Ne5 Nd7 11. Qb3 Nxe5 12. Bxe5 Nd2 13. Qc2 Nxf1 14. Rxf1 Bd6 15.
Bxd6 Qxd6 16. e3 Be6 17. Ne2 a5 18. a3 b5 19. Rc1 Bd7 20. Nf4 Rac8 21. Qc5 Qxc5
22. Rxc5 Kf7 23. b3 Ke7 24. Kf1 g5 25. Nd3 h5 26. Ke1 Rh8 27. Rc2 h4 28. Kd1
hxg3 29. hxg3 Rh2 30. Bf3 Kd6 31. Kd2 f4 32. gxf4 gxf4 33. Kc3 fxe3 34. fxe3
Rxc2+ 35. Kxc2 Bf5 36. Be2 Rh8 37. Kd2 Bxd3 38. Bxd3 Rh1 39. a4 b4 40. e4 dxe4
41. Bxe4 Rh3 42. Bd3 Kd5 43. Bc4+ Kxd4 44. Kc2 c5 45. Kd2 Rh2+ 46. Kc1 Kc3 47.
Kd1 Rb2 48. Kc1 Rxb3 49. Bxb3 Kxb3 50. Kb1 c4 51. Ka1 Kc2 52. Ka2 b3+ 53. Ka1
b2+ 54. Ka2 b1=R 55. Ka3 Ra1# 0-1

[Event "CHN League Men 2019"]
[Site "Daqing CHN"]
[Date "2019.06.25"]
[Round "7.9"]
[Board "1"]
[White "Gong, Sunle"]
[Black "Xie, Jianjun"]
[Result "0-1"]
[BlackTitle "FM"]
[WhiteElo "1697"]
[BlackElo "2427"]
[WhiteTeam "Qingdao"]
[BlackTeam "Hunan"]
[WhiteFideId "8620229"]
[BlackFideId "8600953"]
[EventDate "2019.06.19"]
[EventType "team"]

1. d4 Nf6 2. c4 e5 3. dxe5 Ng4 4. Bf4 Bb4+ 5. Nc3 Nc6 6. Nf3 Qe7 7. Qd5 Bxc3+ 8.
bxc3 f6 9. exf6 Nxf6 10. Qd3 d6 11. g3 Ne5 12. Nxe5 dxe5 13. Be3 c6 14. Bg2 Be6
15. O-O O-O 16. c5 Rad8 17. Qc2 Ng4 18. Qe4 Bf5 19. Qc4+ Be6 20. Qe4 Kh8 21.
Rad1 Rxd1 22. Rxd1 Bf5 23. Qc4 Nxe3 24. fxe3 Be6 25. Qb4 a5 26. Qxa5 Qg5 27. e4
Qe3+ 28. Kh1 Qxe2 29. Rg1 h6 30. Qc7 Rf2 31. Qd8+ Kh7 32. Qd1 Rxg2 0-1

[Event "CHN League Men 2019"]
[Site "Daqing CHN"]
[Date "2019.06.25"]
[Round "7.9"]
[Board "2"]
[White "Shen, Siyuan"]
[Black "Shi, Jiashuo"]
[Result "1/2-1/2"]
[WhiteTitle "IM"]
[WhiteElo "2334"]
[BlackElo "1564"]
[WhiteTeam "Hunan"]
[BlackTeam "Qingdao"]
[WhiteFideId "8602832"]
[BlackFideId "8625409"]
[EventDate "2019.06.19"]
[EventType "team"]

1. b3 Nf6 2. Bb2 e6 3. Nf3 d5 4. c4 Bd6 5. g3 Nbd7 6. Bg2 c6 7. O-O O-O 8. d3 b6
9. Nc3 Bb7 10. e4 dxe4 11. dxe4 Ne5 12. Ne1 Qe7 13. Qe2 Ng6 14. Nc2 Rfd8 15. Kh1
e5 16. Ne3 Bc7 17. Nf5 Qe8 18. Ba3 Rd7 19. h4 Nf8 20. Rad1 Rad8 21. Bh3 Ne6 22.
Qe3 Rxd1 23. Rxd1 Rxd1+ 24. Nxd1 c5 25. Nc3 g6 26. Nd5 Nxd5 27. Nh6+ Kg7 28.
exd5 Nd4 29. Bb2 Bc8 30. Bxc8 Qxc8 31. Kg2 f5 32. Bxd4 cxd4 33. Qg5 Qf8 34. g4
fxg4 35. Nxg4 Qf4 36. Qe7+ Qf7 37. Qxf7+ Kxf7 38. f3 h5 39. Nf2 Bd8 40. Kg3 g5
41. hxg5 Bxg5 42. b4 Ke7 43. c5 bxc5 44. bxc5 Kd7 45. Nd3 Bf6 46. a4 a5 47. Nf2
Bg5 48. Nd3 Bf6 49. Nf2 Bg5 50. Ne4 1/2-1/2

[Event "CHN League Men 2019"]
[Site "Daqing CHN"]
[Date "2019.06.26"]
[Round "8.1"]
[Board "1"]
[White "Yu, Yangyi"]
[Black "Bao, Qilin"]
[Result "1-0"]
[WhiteTitle "GM"]
[BlackTitle "IM"]
[WhiteElo "2738"]
[BlackElo "2412"]
[WhiteTeam "Beijing"]
[BlackTeam "Heilongjiang"]
[WhiteFideId "8603820"]
[BlackFideId "8605750"]
[EventDate "2019.06.19"]
[EventType "team"]

1. d4 Nf6 2. c4 e6 3. Nc3 Bb4 4. e3 b6 5. Ne2 Ba6 6. a3 Bxc3+ 7. Nxc3 d5 8. b3
O-O 9. Be2 Nc6 10. a4 dxc4 11. Ba3 Re8 12. bxc4 e5 13. d5 Na5 14. Nb5 Ne4 15.
Qc2 Nc5 16. Rd1 Bxb5 17. cxb5 Nab7 18. O-O e4 19. a5 Nxa5 20. Bxc5 bxc5 21. Qxc5
Nb7 22. Qc6 Nd6 23. Ra1 Nf5 24. Rfc1 Re7 25. Qc5 Nd6 26. Rxa7 Rxa7 27. Qxa7 h6
28. h3 Kh7 29. Rc6 Qd7 30. Qc5 Nb7 31. Qb4 g6 32. b6 cxb6 33. Rxb6 Nd8 34. Rb8
Re5 35. Bc4 Kg7 36. Qb6 1-0

[Event "CHN League Men 2019"]
[Site "Daqing CHN"]
[Date "2019.06.26"]
[Round "8.1"]
[Board "2"]
[White "Wu, Xibin"]
[Black "Li, Chao b"]
[Result "0-1"]
[WhiteTitle "IM"]
[BlackTitle "GM"]
[WhiteElo "2203"]
[BlackElo "2698"]
[WhiteTeam "Heilongjiang"]
[BlackTeam "Beijing"]
[WhiteFideId "8600309"]
[BlackFideId "8604436"]
[EventDate "2019.06.19"]
[EventType "team"]

1. e4 c6 2. d4 d5 3. Nd2 dxe4 4. Nxe4 Nf6 5. Nxf6+ exf6 6. Nf3 Bd6 7. Be2 O-O 8.
O-O Re8 9. Re1 Nd7 10. Bf1 Rxe1 11. Nxe1 Nf8 12. Nd3 Bf5 13. Be3 Qd7 14. Qd2 h5
15. Bf4 Be7 16. Re1 Ne6 17. c3 Rd8 18. Rd1 h4 19. Be3 Qc7 20. Qe2 g5 21. Nc5 Ng7
22. h3 Bg6 23. Re1 Re8 24. Qd2 b6 25. Nd3 Bd6 26. Be2 Be4 27. Qd1 Qe7 28. Bf3 f5
29. Ne5 Bxe5 30. dxe5 Bxf3 31. Qxf3 f4 32. Bc1 Qc5 33. Qe4 f6 34. Rd1 Rxe5 35.
Rd8+ Kf7 36. Qh7 Re1+ 37. Kh2 Qxf2 38. Rd7+ Ke8 0-1

[Event "CHN League Men 2019"]
[Site "Daqing CHN"]
[Date "2019.06.26"]
[Round "8.1"]
[Board "4"]
[White "Hou, Yifan b"]
[Black "Yuan, Qingyu"]
[Result "1/2-1/2"]
[WhiteElo "1932"]
[BlackElo "2355"]
[WhiteTeam "Heilongjiang"]
[BlackTeam "Beijing"]
[WhiteFideId "8619492"]
[BlackFideId "8609772"]
[EventDate "2019.06.19"]
[EventType "team"]

1. d4 Nf6 2. Nf3 e6 3. c4 d5 4. g3 dxc4 5. Qa4+ Nbd7 6. Qxc4 a6 7. Bg2 b5 8. Qc2
Bb7 9. Bd2 c5 10. dxc5 Bxc5 11. O-O Rc8 12. Qd1 O-O 13. Bc3 Qe7 14. Ne5 Bxg2 15.
Kxg2 Nxe5 16. Bxe5 Ng4 17. Bf4 Qf6 18. Nc3 Rfd8 19. Qb3 e5 20. Ne4 Qc6 21. Qf3
exf4 22. Nxc5 Nxh2 23. Qxc6 Rxc6 24. Rfd1 Re8 25. b4 Ng4 26. gxf4 Rg6 27. Rd3 f5
28. Rd2 Rh6 29. Kg1 Rg6 30. Kg2 Ne5+ 31. Kf1 Nc4 32. Rc2 h5 33. e3 h4 34. Ke2
Kf7 35. Rh1 Rh8 36. Rh3 Rhh6 37. a4 Rg1 38. Nxa6 bxa4 39. Nc5 a3 40. Rxc4 a2 41.
Nb3 Ra6 42. Rc7+ Kg6 43. b5 Ra3 44. Rc6+ Kh5 45. Ra6 Rxa6 46. bxa6 a1=Q 47. Nxa1
Rxa1 48. Kf3 Rxa6 49. Rh1 Rg6 50. Rh2 Rg4 51. Rh1 Rg6 52. Rh2 Rg4 53. Rh1 g5 54.
fxg5 Kxg5 55. Rh2 Kh5 56. Rh1 Kg5 57. Rh2 Ra4 58. Rg2+ Rg4 59. Rh2 1/2-1/2